000 01569nmc a2200481 a 4500
003 AR-BaBNM
005 20251128205755.0
008 168019s1996 ||||||||||||||000 | spa||
020 _a84-7043-856-5
040 _cAR-BaBNM
100 1 _aAntequera, Mercedes
245 1 0 _aEducar y enseñar con títeres
250 _a2ª ed.
260 _aMadrid
_bCCS
_c1996
300 0 _a190 p.
_bil.
490 0 _aMateriales para Educadores
_vv. 11
500 0 _aEl libro está ordenado en unidades didácticas
500 1 _aCada unidad incluye cuadros esquemáticos con los objetivos, los contenidos, la motivación, las actividades y la evaluación
500 0 _aSe ofrece el guión de la pequeña obra teatral o escenificación que se va a presentar con títeres
650 4 _aTECNICAS DIDACTICAS
650 4 _aDIDACTICA
650 4 _aDESARROLLO DEL NINO
650 4 _aEDUCACION ARTISTICA
650 4 _aCREATIVIDAD
650 4 _aPREPARACION DE MATERIAL DIDACTICO
650 4 _aACTIVIDADES DE APRENDIZAJE
650 4 _aENSENANZA DE LAS MATEMATICAS
650 4 _aEDUCACION RELIGIOSA
650 4 _aCOMUNICACION VERBAL
650 4 _aCUENTOS
650 4 _aTEATRO
650 4 _aDRAMATIZACION
651 4 _aEspaña
653 0 _aENSENANZA DE LA LENGUA
653 0 _aTITERES
653 0 _aEDUCACION PRIMARIA
653 0 _aENSENANZA DE LAS CIENCIAS NATURALES
653 0 _aEXPRESION CORPORAL
653 0 _aLEY DE ORDENACION GENERAL DEL SISTEMA EDUCATIVO {LOGSE}: ESPANA
700 1 _aCáceres, Alfonso
942 _cBK
998 _carturo
999 _c12760
_d12760